[Event "Østlandsserien 1999/2000, 1. div."]
[Site "Ås, Akershus NOR"]
[Date "1999.11.07"]
[Round "2"]
[White "Kleppe, Johannes"]
[Black "Henriksen, Geir Ivar"]
[Result "1/2-1/2"]
[WhiteElo "2039"]
[BlackElo "2087"]
[PlyCount "143"]
[EventDate "1999.11.06"]
[Board "4"]
[WhiteTeam "Follo 1"]
[BlackTeam "Tempo"]

1. e4 c5 2. Nf3 Nc6 3. d4 cxd4 4. Nxd4 Qc7 5. Nc3 e6 6. a3 a6 7. Be2 b5 8. O-O
Bb7 9. Kh1 Nf6 10. Bg5 Be7 11. f4 h6 12. Bxf6 gxf6 13. Bh5 Qb6 14. Nde2 O-O-O
15. f5 Ne5 16. Ng3 Rhg8 17. a4 b4 18. a5 Qe3 19. Qe2 Rxg3 20. hxg3 Qxg3 21. Na4
Qh4+ 22. Kg1 Qxe4 23. Qxe4 Bxe4 24. fxe6 fxe6 25. c3 Rg8 26. Rf2 d5 27. Be2 Kb7
28. Bf1 f5 29. Rd1 Rg5 30. c4 dxc4 31. Bxc4 Bc6 32. Bb3 Bxa4 33. Bxa4 Bc5 34.
Kf1 Bxf2 35. Kxf2 Rg7 36. Rd6 Nc4 37. Rxe6 Nxb2 38. Rb6+ Ka7 39. Bc2 Rc7 40.
Bxf5 Nc4 41. Rxb4 Nxa5 42. g4 Nc4 43. Kg3 a5 44. Ra4 Kb6 45. Kh4 Kb5 46. Ra1
Kb4 47. Kh5 Rc6 48. Bd7 Rd6 49. Be8 Na3 50. Bg6 Kb3 51. Kxh6 a4 52. Kh7 Kb2 53.
Rf1 Rd7+ 54. Bf7 Nc2 55. g5 a3 56. g6 a2 57. g7 Rxf7 58. Rxf7 a1=Q 59. g8=Q
Qh1+ 60. Kg7 Qg2+ 61. Kf8 Qa8+ 62. Kg7 Qg2+ 63. Kh8 Qe4 64. Qg7+ Nd4 65. Rf2+
Kc3 66. Qg3+ Kc4 67. Rh2 Qf5 68. Qc7+ Kb3 69. Qb6+ Nb5 70. Rf2 Qc8+ 71. Kg7
Qd7+ 72. Rf7 1/2-1/2

[Event "Østlandsserien 1999/2000, 1. div."]
[Site "Ås, Akershus NOR"]
[Date "1999.11.07"]
[Round "2"]
[White "Breivik, Lars"]
[Black "Sterk, Michel"]
[Result "1/2-1/2"]
[WhiteElo "2012"]
[BlackElo "1738"]
[PlyCount "75"]
[EventDate "1999.11.06"]
[Board "5"]
[WhiteTeam "Tempo"]
[BlackTeam "Follo 1"]

1. Nf3 g6 2. g3 Bg7 3. Bg2 Nf6 4. d3 O-O 5. e4 d6 6. O-O c5 7. a4 Nc6 8. Nbd2
a6 9. Nc4 Bg4 10. h3 Bxf3 11. Bxf3 Nd7 12. Bg2 Rb8 13. f4 b5 14. Ne3 e6 15. e5
d5 16. axb5 axb5 17. c4 bxc4 18. dxc4 Ncxe5 19. cxd5 exd5 20. Bxd5 Nb6 21. fxe5
Bxe5 22. Bg2 Qc7 23. Nd5 Nxd5 24. Bxd5 Rbd8 25. Qf3 Qd7 26. Bh6 Qxd5 27. Qxd5
Rxd5 28. Bxf8 Kxf8 29. Ra8+ Kg7 30. Ra7 Bf6 31. Rf3 Rd2 32. b3 c4 33. Rc7 c3
34. Rxf6 Kxf6 35. Rxc3 Rb2 36. Re3 h5 37. Rf3+ Ke5 38. Rxf7 1/2-1/2

[Event "Østlandsserien 1999/2000, 1. div."]
[Site "Ås, Akershus NOR"]
[Date "1999.11.07"]
[Round "2"]
[White "Øgaard, Henning"]
[Black "Taksrud, Vidar"]
[Result "1/2-1/2"]
[WhiteElo "1679"]
[BlackElo "1945"]
[PlyCount "107"]
[EventDate "1999.11.06"]
[Board "6"]
[WhiteTeam "Follo 1"]
[BlackTeam "Tempo"]

1. d4 Nf6 2. c3 d5 3. Bf4 e6 4. Nd2 Be7 5. e3 Nbd7 6. Bd3 h6 7. Ngf3 O-O 8. g4
Re8 9. h4 Nxg4 10. Rg1 f5 11. Qc2 Kh8 12. c4 c6 13. cxd5 cxd5 14. Bc7 Bxh4 15.
Bxd8 Bxf2+ 16. Ke2 Bxg1 17. Rxg1 Rxd8 18. Qc7 Rg8 19. Nf1 (19. Ng5 $1 hxg5 20.
Rxg4 fxg4 21. Qh2#) 19... Ngf6 20. Qh2 Nh7 21. Ne5 Nxe5 22. Qxe5 Nf6 23. Nh2
Bd7 24. Nf3 Rac8 25. Nh4 Kh7 26. Ng6 Rge8 27. Qg3 Kg8 28. Ne5 Re7 29. Qg6 Kf8
30. Qg3 Be8 31. Qh4 Bh5+ 32. Kd2 g5 33. Rxg5 hxg5 34. Qxg5 Rf7 35. Nxf7 Kxf7
36. Qf4 Ke7 37. Qe5 Bf7 38. b4 a6 39. Qg3 b5 40. Qe1 Rc6 41. Qb1 Bg6 42. Qb3
Bh5 43. a4 Be8 44. axb5 axb5 45. Qa3 Ne4+ 46. Bxe4 fxe4 47. Qa7+ Bd7 48. Qa2
Rc8 49. Ke2 Rh8 50. Kf1 Rf8+ 51. Kg2 Rf3 52. Qb3 Bc6 53. Qc3 Kd7 54. Qc1
1/2-1/2

[Event "Østlandsserien 1999/2000, 1. div."]
[Site "Oslo NOR"]
[Date "1999.12.05"]
[Round "3"]
[White "Øgaard, Leif"]
[Black "Liabøtrø, Pål-Ole"]
[Result "1-0"]
[WhiteElo "2321"]
[BlackElo "2200"]
[PlyCount "31"]
[EventDate "1999.11.06"]
[Board "1"]
[WhiteTeam "Follo 1"]
[BlackTeam "Stjernen 1"]

1. Nf3 d5 2. d4 c6 3. c4 e6 4. Qc2 Nf6 5. g3 Bd6 6. Bg2 O-O 7. O-O Nbd7 8. Nbd2
Qe7 9. Re1 b6 10. e4 Nxe4 11. Nxe4 dxe4 12. Rxe4 Bb7 13. Bg5 Nf6 14. Ne5 Rfc8
15. Ng4 Kf8 16. Re3 1-0

[Event "Østlandsserien 1999/2000, 1. div."]
[Site "Oslo NOR"]
[Date "1999.12.05"]
[Round "3"]
[White "Berg, Johan"]
[Black "Semakoff, Aleks"]
[Result "1-0"]
[WhiteElo "2180"]
[BlackElo "2129"]
[PlyCount "64"]
[EventDate "1999.11.06"]
[Board "2"]
[WhiteTeam "Stjernen 1"]
[BlackTeam "Follo 1"]

1. e4 d5 2. exd5 Qxd5 3. Nc3 Qa5 4. d4 Nf6 5. Nf3 c6 6. Ne5 Be6 7. Bc4 Bxc4 8.
Nxc4 Qd8 9. O-O e6 10. Bf4 Be7 11. a4 O-O 12. Qd3 Na6 13. Rfd1 Nb4 14. Qe2 Nbd5
15. Bg3 Nxc3 16. bxc3 Qd5 17. Ne5 Ne4 18. c4 Nxg3 19. hxg3 Qa5 20. Rab1 Qc7 21.
c5 b6 22. cxb6 axb6 23. Qe4 Bd6 24. Nc4 Rxa4 25. Nxb6 Ra6 26. Nc4 h6 27. Rd3
Rfa8 28. Rdb3 Ra1 29. Rxa1 Rxa1+ 30. Kh2 Ra4 31. Nb6 Ra2 32. c4 c5 1-0

[Event "Østlandsserien 1999/2000, 1. div."]
[Site "Oslo NOR"]
[Date "1999.12.05"]
[Round "3"]
[White "Ofstad, Per"]
[Black "Pálsson, Bogi"]
[Result "1-0"]
[WhiteElo "2119"]
[BlackElo "2036"]
[PlyCount "65"]
[EventDate "1999.11.06"]
[Board "3"]
[WhiteTeam "Follo 1"]
[BlackTeam "Stjernen 1"]

1. e4 d6 2. d4 Nf6 3. Nc3 c6 4. a4 Nbd7 5. Nf3 e5 6. Be2 Be7 7. O-O O-O 8. b3
Qc7 9. Ba3 Re8 10. Bd3 Nf8 11. Ne2 Ng6 12. Ng3 Bf8 13. Re1 Bg4 14. h3 Be6 15.
Nf5 Rad8 16. Qd2 h6 17. Qc3 Nd7 18. Ne3 exd4 19. Nxd4 Nde5 20. Ndf5 f6 21. Bf1
Qc8 22. Nd4 Bf7 23. Rad1 Nf4 24. Ne2 Neg6 25. Nxf4 Nxf4 26. Nf5 Ng6 27. Bd3 Qe6
28. Qd2 Ne5 29. Bf1 d5 30. Qe3 c5 31. Qg3 Ng6 32. Bb5 d4 33. Bc4 1-0

[Event "Østlandsserien 1999/2000, 1. div."]
[Site "Oslo NOR"]
[Date "1999.12.05"]
[Round "3"]
[White "Stenersen, Gudmund"]
[Black "Kleppe, Johannes"]
[Result "0-1"]
[WhiteElo "1994"]
[BlackElo "2039"]
[PlyCount "62"]
[EventDate "1999.11.06"]
[Board "4"]
[WhiteTeam "Stjernen 1"]
[BlackTeam "Follo 1"]

1. e4 c6 2. d4 d5 3. Nc3 dxe4 4. Nxe4 Nf6 5. Nxf6+ gxf6 6. Nf3 Bf5 7. Bd3 Nd7
8. Bxf5 Qa5+ 9. b4 Qxf5 10. O-O Rg8 11. Be3 O-O-O 12. c4 e6 13. c5 Ne5 14. Ne1
Ng4 15. Qb3 Qe4 16. a4 Rd5 17. h3 Nxe3 18. fxe3 Bh6 19. Rf3 Rxd4 20. Qc3 Rd7
21. b5 f5 22. bxc6 Qxc6 23. Rc1 Bg7 24. Qc4 Be5 25. Rf2 Rgd8 26. Nc2 a5 27.
Rcf1 Rd5 28. Qb3 Rxc5 29. Na3 Rc3 30. Qa2 Rxe3 31. Nb5 Kb8 {Time} 0-1

[Event "Østlandsserien 1999/2000, 1. div."]
[Site "Oslo NOR"]
[Date "1999.12.05"]
[Round "3"]
[White "Sterk, Michel"]
[Black "Omtvedt, Per"]
[Result "1/2-1/2"]
[WhiteElo "1738"]
[BlackElo "1917"]
[PlyCount "142"]
[EventDate "1999.11.06"]
[Board "5"]
[WhiteTeam "Follo 1"]
[BlackTeam "Stjernen 1"]

1. d4 Nf6 2. c4 e6 3. Nf3 b6 4. a3 Bb7 5. Nc3 d5 6. Bg5 Be7 7. e3 O-O 8. Bd3
Nbd7 9. Qe2 c5 10. Rd1 cxd4 11. exd4 Re8 12. O-O dxc4 13. Bxc4 Nd5 14. Bxe7
Nxc3 15. bxc3 Qxe7 16. Bd3 Bxf3 17. Qxf3 Qxa3 18. Ra1 Qd6 19. Be4 Rac8 20. Rxa7
Nf6 21. Rb1 Rc7 22. Rxc7 Qxc7 23. Bd3 Rc8 24. Rc1 Qc6 25. Qxc6 Rxc6 26. Bb5 Rc7
27. f3 Kf8 28. Kf2 Ke7 29. g3 Kd6 30. Ke2 e5 31. dxe5+ Kxe5 32. Kd3 Ra7 33.
Re1+ Kd6 34. Re2 Ra5 35. Kc4 Ra7 36. Rd2+ Kc7 37. g4 h6 38. h4 Kc8 39. Rd6 Rc7+
40. Kb4 Kb7 41. Bd3 Rc5 42. Bc4 Rc7 43. g5 hxg5 44. hxg5 Nh5 45. Bd5+ Ka6 46.
Rd8 f6 47. Ra8+ Ra7 48. Rb8 Rc7 49. Ra8+ Ra7 50. Rh8 Nf4 51. Be4 fxg5 52. Rh1
b5 53. Ra1+ Kb6 54. Rxa7 Kxa7 55. Kxb5 Ne2 56. c4 Nd4+ 57. Kc5 Nb3+ 58. Kd6 Kb6
59. Bc2 Nc5 60. Ke5 Nb7 61. Be4 Na5 62. Kd5 Nb3 63. Kd6 Nc5 64. Ba8 Nb3 65. Bd5
Nc5 66. Ke7 Nd3 67. Kf7 Ne1 68. Kg6 Kc5 69. Kxg5 Nxf3+ 70. Kg6 Ne5+ 71. Kxg7
Nxc4 1/2-1/2

[Event "Østlandsserien 1999/2000, 1. div."]
[Site "Oslo NOR"]
[Date "1999.12.05"]
[Round "3"]
[White "Nørve, Sjur"]
[Black "Øgaard, Henning"]
[Result "1/2-1/2"]
[WhiteElo "1922"]
[BlackElo "1679"]
[PlyCount "21"]
[EventDate "1999.11.06"]
[Board "6"]
[WhiteTeam "Stjernen 1"]
[BlackTeam "Follo 1"]

1. e4 c5 2. b3 Nc6 3. Bb2 d6 4. Nf3 Bg4 5. h3 Bh5 6. Be2 Nf6 7. Bxf6 gxf6 8.
Nh4 Bxe2 9. Qxe2 Qd7 10. Na3 e6 11. c3 1/2-1/2

[Event "Østlandsserien 1999/2000, 1. div."]
[Site "Ås, Akershus NOR"]
[Date "2000.01.22"]
[Round "4"]
[White "Djurhuus, Rune"]
[Black "Øgaard, Leif"]
[Result "1-0"]
[WhiteElo "2481"]
[BlackElo "2321"]
[PlyCount "85"]
[EventDate "1999.11.06"]
[Board "1"]
[WhiteTeam "Akademisk"]
[BlackTeam "Follo 1"]

1. e4 Nf6 2. e5 Nd5 3. d4 d6 4. Nf3 g6 5. c4 Nb6 6. exd6 cxd6 7. h3 Bg7 8. Nc3
O-O 9. Bg5 Nc6 10. Rc1 h6 11. Be3 e5 12. dxe5 dxe5 13. c5 Nd7 14. Bc4 Kh7 15.
h4 Na5 16. Bd5 Qe7 17. Ne4 Nc6 18. Kf1 Nf6 19. Nfg5+ Kg8 20. Nxf6+ Qxf6 21. Ne4
Qe7 22. h5 g5 23. Bxg5 hxg5 24. h6 Bf5 25. Nd6 Bg6 26. hxg7 Kxg7 27. Bxc6 bxc6
28. Qf3 Rh8 29. Rxh8 Rxh8 30. Kg1 Qf6 31. Rc3 Qxf3 32. Rxf3 Rb8 33. b3 e4 34.
Rc3 Kf6 35. Rc4 Ke5 36. Ra4 Ra8 37. Nc4+ Ke6 38. Ra6 Rc8 39. Rxa7 Rd8 40. Nd6
Kd5 41. b4 Rh8 42. a4 f5 43. Rg7 1-0

[Event "Østlandsserien 1999/2000, 1. div."]
[Site "Ås, Akershus NOR"]
[Date "2000.01.22"]
[Round "4"]
[White "Semakoff, Aleks"]
[Black "Grønn, Atle"]
[Result "0-1"]
[WhiteElo "2129"]
[BlackElo "2341"]
[PlyCount "72"]
[EventDate "1999.11.06"]
[Board "2"]
[WhiteTeam "Follo 1"]
[BlackTeam "Akademisk"]

1. e4 d6 2. d4 Nf6 3. Nc3 g6 4. Bg5 Bg7 5. f4 c6 6. Nf3 O-O 7. Qd2 Bg4 8. Be2
d5 9. Bxf6 exf6 10. O-O-O dxe4 11. Nxe4 Nd7 12. Rhe1 Nb6 13. Nc5 Qc7 14. h3 Bh6
15. g3 Bf5 16. Bd3 Bxd3 17. Qxd3 Rfe8 18. Kb1 Rad8 19. Ne4 Bg7 20. f5 Nd5 21.
g4 b5 22. g5 Qf4 23. fxg6 hxg6 24. gxf6 Nxf6 25. Nxf6+ Bxf6 26. a3 Rxe1 27.
Rxe1 c5 28. Re4 Qf5 29. Ne5 Rxd4 30. Rxd4 Qxe5 31. Rd8+ Kg7 32. c3 Bxd8 33.
Qxd8 Qf5+ 34. Ka2 Qxh3 35. Qb8 Qe6+ 36. Kb1 a6 0-1

[Event "Østlandsserien 1999/2000, 1. div."]
[Site "Ås, Akershus NOR"]
[Date "2000.01.22"]
[Round "4"]
[White "Gudbrandsen, Gustav"]
[Black "Ofstad, Per"]
[Result "1-0"]
[WhiteElo "2219"]
[BlackElo "2157"]
[PlyCount "81"]
[EventDate "1999.11.06"]
[Board "3"]
[WhiteTeam "Akademisk"]
[BlackTeam "Follo 1"]

1. e4 e6 2. d4 d5 3. Nc3 dxe4 4. Nxe4 Nd7 5. Nf3 Ngf6 6. Bg5 Be7 7. Nxf6+ Bxf6
8. Bxf6 Qxf6 9. Qd2 O-O 10. O-O-O e5 11. Bb5 exd4 12. Qxd4 c6 13. Bc4 Qxd4 14.
Rxd4 Nb6 15. Bb3 h6 16. Ne5 Be6 17. Bxe6 fxe6 18. f3 Rfd8 19. Rhd1 Rd5 20. Re4
Rad8 21. Nd3 e5 22. Rxe5 Nc4 23. Re7 R8d7 24. Rde1 b6 25. b3 Na5 26. h4 c5 27.
Nf4 Rd1+ 28. Rxd1 Rxe7 29. h5 Nc6 30. c3 Kf7 31. Rd6 Ne5 32. Kd2 Rc7 33. Nd5
Rb7 34. f4 Ng4 35. Kd3 b5 36. Ke4 a5 37. Kf5 Nf2 38. Nb6 a4 39. bxa4 b4 40.
cxb4 cxb4 41. a5 1-0

[Event "Østlandsserien 1999/2000, 1. div."]
[Site "Ås, Akershus NOR"]
[Date "2000.01.22"]
[Round "4"]
[White "Solem, Trond"]
[Black "Hole, Øystein"]
[Result "1/2-1/2"]
[WhiteElo "2035"]
[BlackElo "2203"]
[PlyCount "131"]
[EventDate "1999.11.06"]
[Board "4"]
[WhiteTeam "Follo 1"]
[BlackTeam "Akademisk"]

1. d4 d5 2. c4 c6 3. e3 Nf6 4. Nc3 g6 5. Nf3 Bg7 6. Bd3 O-O 7. h3 a6 8. O-O b5
9. cxd5 cxd5 10. Bd2 Bb7 11. a4 b4 12. Na2 a5 13. Nc1 Nbd7 14. Nb3 Qb6 15. Qe2
Rfc8 16. Rfc1 e6 17. Bb5 Bf8 18. Be1 Bd6 19. Nfd2 e5 20. dxe5 Nxe5 21. f4 Ned7
22. Bf2 Qd8 23. Nd4 Nc5 24. Bh4 Bf8 25. N2f3 Qd6 26. Bxf6 Qxf6 27. Ne5 Qd6 28.
Qg4 Bg7 29. Nef3 Qe7 30. Re1 Ne4 31. f5 Rc7 32. fxg6 hxg6 33. Re2 Rac8 34. Qf4
Rc1+ 35. Re1 Rxa1 36. Rxa1 Rc7 37. h4 Qd6 38. Rd1 Qxf4 39. exf4 Bf8 40. f5 gxf5
41. Nxf5 Rc2 42. b3 Bc5+ 43. Kh2 Rb2 44. N3d4 Rd2 45. Rxd2 Nxd2 46. Bd7 Nf1+
47. Kh3 Ne3 48. Nf3 Nxf5 49. Bxf5 Be3 50. Ne5 f6 51. Nd3 Kf7 52. g4 Bc6 53. Kg3
d4 54. Nc5 d3 55. Nxd3 Bd5 56. Bd7 Bxb3 57. Kf3 Bd4 58. Ke4 Bb6 59. Nb2 Bc2+
60. Kd5 Be3 61. Kc4 Bc1 62. Nd3 Bd2 63. Nc5 Be3 64. Nb3 Bxb3+ 65. Kxb3 Bb6 66.
Kc4 1/2-1/2

[Event "Østlandsserien 1999/2000, 1. div."]
[Site "Ås, Akershus NOR"]
[Date "2000.01.22"]
[Round "4"]
[White "Ribbegren, Carl Johan"]
[Black "Kleppe, Johannes"]
[Result "1/2-1/2"]
[WhiteElo "2115"]
[BlackElo "2039"]
[PlyCount "45"]
[EventDate "1999.11.06"]
[Board "5"]
[WhiteTeam "Akademisk"]
[BlackTeam "Follo 1"]

1. g3 d5 2. Bg2 Nf6 3. d3 e6 4. Nd2 Be7 5. Ngf3 b6 6. O-O O-O 7. e4 dxe4 8. Ng5
Nbd7 9. Ndxe4 Rb8 10. Qe2 Bb7 11. Re1 Nxe4 12. Nxe4 Nc5 13. Nxc5 Bxc5 14. Bxb7
Rxb7 15. Bf4 Bd6 16. Qe4 Rb8 17. Bd2 b5 18. a3 Be7 19. Bc3 Bf6 20. Qc6 Rb6 21.
Qc5 Bxc3 22. Qxc3 Qd6 23. Re4 1/2-1/2

[Event "Østlandsserien 1999/2000, 1. div."]
[Site "Oslo NOR"]
[Date "2000.01.23"]
[Round "5"]
[White "Semakoff, Aleks"]
[Black "Tisdall, Jonathan"]
[Result "0-1"]
[WhiteElo "2129"]
[BlackElo "2484"]
[PlyCount "56"]
[EventDate "1999.11.06"]
[Board "1"]
[WhiteTeam "Follo 1"]
[BlackTeam "Nordstrand"]

1. e4 c5 2. Nf3 d6 3. d4 cxd4 4. Nxd4 Nf6 5. Nc3 a6 6. a4 g6 7. Be2 Bg7 8. O-O
O-O 9. Be3 Nc6 10. f4 Bd7 11. Nb3 Rc8 12. Bf3 Be6 13. Nd5 Bxd5 14. exd5 Na5 15.
Nxa5 Qxa5 16. Bd4 Rc4 17. c3 Nd7 18. Bxg7 Kxg7 19. Qe2 Rxf4 20. Qxe7 Qb6+ 21.
Kh1 Ne5 22. a5 Qxb2 23. Qxd6 Re8 24. Rab1 Qxc3 25. Rxb7 Qxa5 26. Rbb1 Rf6 27.
Ra1 Qd2 28. Qa3 Nxf3 0-1

[Event "Østlandsserien 1999/2000, 1. div."]
[Site "Oslo NOR"]
[Date "2000.01.23"]
[Round "5"]
[White "Tjomsland, Stig"]
[Black "Ofstad, Per"]
[Result "0-1"]
[WhiteElo "2281"]
[BlackElo "2157"]
[PlyCount "94"]
[EventDate "1999.11.06"]
[Board "2"]
[WhiteTeam "Nordstrand"]
[BlackTeam "Follo 1"]

1. d4 d5 2. c4 c6 3. Nc3 Nf6 4. Nf3 e6 5. cxd5 exd5 6. Qc2 Bd6 7. Bg5 h6 8. Bh4
Be6 9. e3 Nbd7 10. Bd3 O-O 11. O-O Re8 12. Bg3 Bxg3 13. hxg3 Rc8 14. Na4 Ne4
15. Bxe4 dxe4 16. Nd2 Nf6 17. Nc5 Rc7 18. Rfc1 Bd5 19. b4 b6 20. Na6 Rc8 21. a4
Ng4 22. Nf1 h5 23. Qe2 Qg5 24. b5 Re6 25. Nb4 Rf6 26. Nxd5 Qxd5 27. bxc6 Rcxc6
28. Qb5 Qxb5 29. axb5 Rxc1 30. Rxc1 Rxf2 31. Nh2 Rb2 32. Nxg4 hxg4 33. Rc8+ Kh7
34. Rc7 Rxb5 35. Rxa7 f5 36. Rb7 Kg6 37. d5 Kf6 38. d6 Ke6 39. d7 Ke7 40. Kf2
Rb2+ 41. Kg1 g6 42. Kf1 Kd8 43. Kg1 b5 44. Kh1 f4 45. exf4 e3 46. Kg1 Rb1+ 47.
Kh2 e2 0-1

[Event "Østlandsserien 1999/2000, 1. div."]
[Site "Oslo NOR"]
[Date "2000.01.23"]
[Round "5"]
[White "Solem, Trond"]
[Black "Glenne, Bjørn Erik"]
[Result "1-0"]
[WhiteElo "2035"]
[BlackElo "2102"]
[PlyCount "77"]
[EventDate "1999.11.06"]
[Board "3"]
[WhiteTeam "Follo 1"]
[BlackTeam "Nordstrand"]

1. d4 d5 2. c4 c6 3. e3 e6 4. Nc3 f5 5. Nf3 Nf6 6. Bd3 Bd6 7. h3 O-O 8. Bd2 Ne4
9. Qe2 Bd7 10. O-O-O Be8 11. Kb1 Nd7 12. g4 Ndf6 13. Ne5 Nxc3+ 14. Bxc3 Ne4 15.
Be1 b5 16. cxd5 cxd5 17. gxf5 exf5 18. f3 Nc5 19. Bc2 Kh8 20. h4 Qf6 21. h5
Bxe5 22. dxe5 Qc6 23. h6 g6 24. e6 Qxe6 25. Bc3+ Kg8 26. Qd2 Nd7 27. e4 fxe4
28. fxe4 Nf6 29. Qd4 Qb6 30. Qe5 Bd7 31. Rhf1 Bg4 32. Rde1 b4 33. Rxf6 Rxf6 34.
Qxf6 Qxf6 35. Bxf6 Kf7 36. Bd4 Re8 37. Rf1+ Ke7 38. Bc5+ Kd7 39. Ba4+ 1-0

[Event "Østlandsserien 1999/2000, 1. div."]
[Site "Oslo NOR"]
[Date "2000.01.23"]
[Round "5"]
[White "Yndesdal, Kjell"]
[Black "Kleppe, Johannes"]
[Result "1-0"]
[WhiteElo "2057"]
[BlackElo "2039"]
[PlyCount "61"]
[EventDate "1999.11.06"]
[Board "4"]
[WhiteTeam "Nordstrand"]
[BlackTeam "Follo 1"]

1. d4 Nf6 2. c4 e6 3. Nc3 Bb4 4. f3 c5 5. d5 Nh5 6. g3 O-O 7. e4 f5 8. f4 Nf6
9. e5 Ne4 10. Nge2 d6 11. Bg2 Nd7 12. O-O Bxc3 13. Nxc3 Nxc3 14. bxc3 Nb6 15.
Qd3 Qc7 16. Re1 Bd7 17. Ba3 Rad8 18. Rad1 Ba4 19. Rd2 Rfe8 20. Rde2 g6 21. h3
Kh8 22. Re3 a6 23. g4 exd5 24. exd6 Qxd6 25. Rxe8+ Rxe8 26. Rxe8+ Bxe8 27. Qe3
Bf7 28. Bxc5 Qd7 29. Bxb6 dxc4 30. Qe5+ Kg8 31. Bd4 1-0

[Event "Østlandsserien 1999/2000, 1. div."]
[Site "Oslo NOR"]
[Date "2000.01.23"]
[Round "5"]
[White "Kleppe, Jan"]
[Black "Thanke, Bror"]
[Result "1-0"]
[WhiteElo "1540"]
[BlackElo "2023"]
[PlyCount "81"]
[EventDate "1999.11.06"]
[Board "5"]
[WhiteTeam "Follo 1"]
[BlackTeam "Nordstrand"]

1. d4 Nf6 2. c4 e6 3. Nc3 Bb4 4. e3 O-O 5. Bd3 c5 6. a3 Ba5 7. Nf3 d6 8. O-O
Re8 9. Nd2 Nc6 10. Nb3 Bxc3 11. bxc3 e5 12. f3 b6 13. d5 Ne7 14. e4 Ng6 15. Bg5
h6 16. Be3 Nf4 17. Bxf4 exf4 18. Qd2 Nh5 19. Nc1 Re5 20. Ne2 Qh4 21. Qe1 Qg5
22. Kh1 f5 23. Qf2 Bd7 24. Ng1 fxe4 25. fxe4 Re7 26. Nh3 Bxh3 27. gxh3 Re5 28.
Rg1 Qf6 29. Be2 f3 30. Qxf3 Qxf3+ 31. Bxf3 Nf4 32. Rg3 Rf8 33. Rag1 Rf7 34. Re1
Kf8 35. Bg4 Rf6 36. Rf3 g5 37. h4 h5 38. Be6 g4 39. Rf2 Nxd5 40. Ref1 Rexe6 $4
$138 (40... Rxf2 41. Rxf2+ Nf6 42. Rxf6+ Ke7) 41. exd5 1-0

[Event "Østlandsserien 1999/2000, 1. div."]
[Site "Ås, Akershus NOR"]
[Date "2000.02.12"]
[Round "6"]
[White "Flaata, Alexander"]
[Black "Øgaard, Leif"]
[Result "0-1"]
[WhiteElo "1956"]
[BlackElo "2321"]
[PlyCount "56"]
[EventDate "1999.11.06"]
[Board "1"]
[WhiteTeam "Stjernen 2"]
[BlackTeam "Follo 1"]

1. e4 c5 2. Nc3 Nc6 3. g3 g6 4. Bg2 Bg7 5. d3 d6 6. Be3 e5 7. Nge2 Nge7 8. Qd2
O-O 9. O-O Nd4 10. f4 Be6 11. Nd1 Rc8 12. c3 Nxe2+ 13. Qxe2 exf4 14. Bxf4 d5
15. e5 Nc6 16. Nf2 g5 17. Bd2 Nxe5 18. Rae1 Bf5 19. c4 dxc4 20. dxc4 Nd3 21.
Bxg5 Qd7 22. Rd1 Bd4 23. Kh1 Bxf2 24. Qh5 Bg6 25. Qh6 f6 26. Rxd3 Qxd3 27. Rxf2
Be4 28. Bxf6 Qd1+ 0-1

[Event "Østlandsserien 1999/2000, 1. div."]
[Site "Ås, Akershus NOR"]
[Date "2000.02.12"]
[Round "6"]
[White "Semakoff, Aleks"]
[Black "Nørve, Sjur"]
[Result "1-0"]
[WhiteElo "2129"]
[BlackElo "1888"]
[PlyCount "109"]
[EventDate "1999.11.06"]
[Board "2"]
[WhiteTeam "Follo 1"]
[BlackTeam "Stjernen 2"]

1. e4 e5 2. Bc4 Nf6 3. d3 Nc6 4. Nf3 Be7 5. O-O d6 6. c3 O-O 7. Nbd2 a6 8. Bb3
b5 9. Re1 Na5 10. Bc2 c5 11. Nf1 Nc6 12. Ng3 Rb8 13. h3 Ne8 14. d4 Qc7 15. d5
Nd8 16. Nh2 Bh4 17. Qf3 Qe7 18. Nf5 Bxf5 19. Qxf5 Qf6 20. Qxf6 Bxf6 21. a4 b4
22. cxb4 Rxb4 23. b3 g6 24. Bd2 Rb8 25. Rab1 Be7 26. Bd3 Ra8 27. b4 cxb4 28.
Rxb4 f5 29. f3 fxe4 30. fxe4 Bh4 31. Rf1 Rxf1+ 32. Nxf1 Kf7 33. Rb6 Ke7 34.
Rxa6 Rxa6 35. Bxa6 Nc7 36. Bc8 Nf7 37. a5 Bg5 38. Bb4 Nb5 39. Ba6 Nd4 40. Bd3
Kd7 41. Kf2 Kc7 42. Ne3 Bxe3+ 43. Kxe3 Kb7 44. Kd2 Ka7 45. Bc4 Ng5 46. Kd3 Nf7
47. Bc3 Nd8 48. Bxd4+ exd4 49. Kxd4 Nf7 50. Ke3 Ne5 51. Be2 g5 52. Kd4 h6 53.
Kc3 Kb7 54. Kb4 Ka7 55. Kb5 1-0

[Event "Østlandsserien 1999/2000, 1. div."]
[Site "Ås, Akershus NOR"]
[Date "2000.02.12"]
[Round "6"]
[White "Kleppe, Johannes"]
[Black "Hansen, Olaf"]
[Result "1-0"]
[WhiteElo "2039"]
[BlackElo "1772"]
[PlyCount "85"]
[EventDate "1999.11.06"]
[Board "4"]
[WhiteTeam "Follo 1"]
[BlackTeam "Stjernen 2"]

1. e4 e6 2. d4 d5 3. Nd2 Nf6 4. e5 Nfd7 5. c3 c5 6. Bd3 Nc6 7. Ne2 cxd4 8. cxd4
Qb6 9. Nf3 f6 10. exf6 Nxf6 11. O-O Bd6 12. a3 O-O 13. b4 e5 14. Qb3 Kh8 15.
dxe5 Nxe5 16. Ned4 Nfg4 17. Be2 Nxf3+ 18. Nxf3 Be6 19. g3 Rae8 20. Bb2 d4 21.
Qd1 Ne5 22. Bxd4 Nxf3+ 23. Bxf3 Qc7 24. Re1 b5 25. Bg2 Bc4 26. Qd2 Be5 27. Rad1
Bxd4 28. Qxd4 Rxe1+ 29. Rxe1 Rd8 30. Qc5 Qd7 31. h4 h6 32. Re7 Qg4 33. Kh2 a6
34. Qe5 Qg6 35. Be4 Qf6 36. Re8+ Rxe8 37. Qxe8+ Bg8 38. Kg2 Qd6 39. Bg6 Qd5+
40. Be4 Qd6 41. Bf3 g5 42. hxg5 hxg5 43. Qh5+ 1-0

[Event "Østlandsserien 1999/2000, 1. div."]
[Site "Ås, Akershus NOR"]
[Date "2000.02.12"]
[Round "6"]
[White "Lilleøren, David"]
[Black "Øgaard, Henning"]
[Result "0-1"]
[WhiteElo "1860"]
[BlackElo "1786"]
[PlyCount "90"]
[EventDate "1999.11.06"]
[Board "5"]
[WhiteTeam "Stjernen 2"]
[BlackTeam "Follo 1"]

1. c4 e6 2. g3 d5 3. Bg2 Nf6 4. Nf3 Be7 5. O-O O-O 6. b3 b6 7. Bb2 c5 8. d3 Bb7
9. Qc2 d4 10. e4 Nc6 11. Qe2 a5 12. a4 Nb4 13. Bc1 Nd7 14. e5 Rb8 15. h4 Qc7
16. Bf4 Rfd8 17. Nbd2 Nf8 18. h5 h6 19. Nh2 Bxg2 20. Kxg2 Qc6+ 21. Kg1 Nh7 22.
Ne4 Kh8 23. Rad1 Rg8 24. Ng4 Rbf8 25. Rfe1 Qd7 26. Qf3 Qd8 27. Nxh6 gxh6 28.
Bxh6 Bg5 29. Bxf8 Qxf8 30. Kg2 Qg7 31. Nxg5 Nxg5 32. Qb7 Qh7 33. f4 Nxd3 34.
fxg5 Nxe1+ 35. Rxe1 Rxg5 36. Rf1 Qc2+ 37. Rf2 Qxb3 38. Qxf7 Rxg3+ 39. Kh2 Rh3+
40. Kg1 Qg3+ 41. Rg2 Qe1+ 42. Qf1 Rh1+ 43. Kxh1 Qxf1+ 44. Kh2 d3 45. h6 Qxg2+
0-1

[Event "Østlandsserien 1999/2000, 1. div."]
[Site "Ås, Akershus NOR"]
[Date "2000.02.12"]
[Round "6"]
[White "Næssvold, Kjell"]
[Black "Mulici, Mehmet"]
[Result "1-0"]
[WhiteElo "1830"]
[BlackElo "1911"]
[PlyCount "81"]
[EventDate "1999.11.06"]
[Board "6"]
[WhiteTeam "Follo 1"]
[BlackTeam "Stjernen 2"]

1. e4 Nf6 2. e5 Nd5 3. d4 d6 4. c4 Nb6 5. f4 dxe5 6. fxe5 Nc6 7. Be3 Bf5 8. Nc3
e6 9. a3 Be7 10. Be2 O-O 11. Nf3 f6 12. exf6 Bxf6 13. O-O Qd7 14. c5 Nd5 15.
Nxd5 Qxd5 16. Qa4 Rad8 17. Bc4 Qe4 18. Rae1 Nxd4 19. Bxd4 Bxd4+ 20. Kh1 Qg4 21.
h3 Qf4 22. Nxd4 Qxd4 23. Rxf5 Rxf5 24. Bxe6+ Rf7 25. Qb3 Qf2 26. Bxf7+ Qxf7 27.
Qxb7 h6 28. Qe4 Qf2 29. b4 Rf8 30. c6 Qd2 31. b5 Rf2 32. Rg1 Qd6 33. a4 Rf4 34.
Qc2 Qb4 35. Rd1 Rf8 36. Rb1 Qd4 37. Rd1 Qb4 38. Rb1 Qd4 39. Qb3+ Kh8 40. Rd1
Rf1+ 41. Rxf1 1-0

[Event "Østlandsserien 1999/2000, 1. div."]
[Site "Strømmen, Akershus NOR"]
[Date "2000.02.12"]
[Round "7"]
[White "Ofstad, Per"]
[Black "Ulvin, D."]
[Result "1/2-1/2"]
[WhiteElo "2157"]
[BlackElo "2217"]
[PlyCount "33"]
[EventDate "1999.11.06"]
[Board "1"]
[WhiteTeam "Follo 1"]
[BlackTeam "Strømmen"]

1. e4 e5 2. Nf3 Nc6 3. d4 exd4 4. Nxd4 Nf6 5. Nxc6 bxc6 6. Bd3 d5 7. exd5 cxd5
8. O-O Be7 9. Bf4 O-O 10. Nd2 c5 11. h3 Qb6 12. b3 Bb7 13. Re1 Rfe8 14. a4 a6
15. Qf3 Nd7 16. Bg3 Bf6 17. Rac1 1/2-1/2